000 00675nam a2200205Ia 4500
003 GCL
008 140319s9999 xx 000 0 ara d
040 _aGCL /
_cGCL
082 0 4 _a813.01
_bا م
100 1 _aرمضان بسطاويسى محمد
245 1 0 _aالمصيدة : قصص قصيرة /
_cرمضان بسطاويسى محمد
700 1 _aالسيد نجم
260 _a[S.N] :
_bالهيئة المصرية العامة للكتاب ،
_c1994
490 _aسلسلة اشراقات ادبية
_v0
650 0 4 _aالادب العربى
650 0 4 _aالقصص القصيرة
650 0 4 _aالقصص
650 0 4 _aالمجموعات
942 _2ddc
_cBK
999 _c33472
_d33472